000 00954nam a22002657a 4500
001 5679
003 FISKH
005 20250113111842.0
008 250113b cb ||||| |||| 00| 0 eng d
020 _a0439320186
040 _aFISKH
_beng
_cFISKH
_dFISKH
050 _aPR4203.G55
082 _a821.8
100 _aBrowning, Robert
245 _aRobert Browning /
_cby Robert Browning : Illustrated by Joel Spector : Edited by Eileen Gillooly
250 _aFirst Scholastic printing, October 2001
260 _aNew York :
_bScholastic ;
_c2001.
300 _a48 pages :
_bcolor illustrations ;
_c26 cm .
490 _aPoetry for young people
520 _aPresents selects of Robert Browning's poems, including "The Pied Piper of Hamlin", "My Last Duchess", "Old pictures in Florence", "Prospice", and others.
650 _aPoetry for Young People
_vfiction
700 _aSpector, Joel
_eillustrator
942 _2ddc
_cBK
_n0
999 _c5679
_d5679